000 00501nam a2200193Ia 4500
005 20140405104154.0
008 140130s9999 xx 000 0 und d
020 _a0439745853
050 _aQL 45.2
_b.G85 2005
100 _aAnastasio, Dina
245 _cDina Anastasio.
_aWildlives :
_boutrageous animal & nature records /
260 _bScholastic,
_aUSA :
_c2005.
300 _a89 p. :
_bill. ;
_c19 cm.
440 _v1
521 _aG8
526 _c970
942 _cBK
_2lcc
999 _c42280
_d42280